000 003450000a22000970004500
100 1 _aBradshaw, Tim
245 1 0 _aFive views of ARCIC II : Tim Bradshaw, lecturer in doctrine, trinity college, bristol, introduces the symposium by setting ARCIC II in this context
300 _aVol. 5, Núm 2 (1987), Páginas 7-8
773 0 _tEvangel
942 _cANA
999 _c54331
_d54331